| 000 | 01233nam a2200301 a 4500 | ||
|---|---|---|---|
| 001 | ebr10524238 | ||
| 003 | CaPaEBR | ||
| 006 | m u | ||
| 007 | cr cn||||||||| | ||
| 008 | 111109s2012 ne a s 000 0 eng d | ||
| 010 | _z 2011943120 | ||
| 020 | _z9781607509752 | ||
| 020 | _z9781607509769 (e-book) | ||
| 040 |
_aCaPaEBR _cCaPaEBR |
||
| 035 | _a(OCoLC)772634055 | ||
| 050 | 1 | 4 |
_aP99.5 _b.R67 2012eb |
| 100 | 1 | _aRossini, Nicla. | |
| 245 | 1 | 0 |
_aReinterpreting gesture as language _h[electronic resource] : _blanguage "in action" / _cNicla Rossini. |
| 260 |
_aAmsterdam ; _aWashington, D.C. : _bIOS Press, _cc2012. |
||
| 300 |
_axv, 201 p. : _bill. |
||
| 490 | 1 |
_aEmerging communication : studies in new technologies and practices in communication ; _vv. 11 |
|
| 533 |
_aElectronic reproduction. _bPalo Alto, Calif. : _cebrary, _d2012. _nAvailable via World Wide Web. _nAccess may be limited to ebrary affiliated libraries. |
||
| 650 | 0 | _aNonverbal communication. | |
| 655 | 7 |
_aElectronic books. _2local |
|
| 710 | 2 | _aebrary, Inc. | |
| 830 | 0 |
_aEmerging communication ; _vv. 11. |
|
| 856 | 4 | 0 |
_uhttp://site.ebrary.com/lib/rucke/Doc?id=10524238 _zAn electronic book accessible through the World Wide Web; click to view |
| 999 |
_c143309 _d143309 |
||